[Event "Brexit Celebration"]
[Site "SchemingMind.com"]
[Date "2020.04.18"]
[Round "-"]
[White "Steven DuCharme"]
[Black "krzysztof"]
[Result "1-0"]
[WhiteCountry "USA"]
[BlackCountry "POL"]
[WhiteElo "1599"]
[WhiteRD "55"]
[BlackElo "1436"]
[BlackRD "67"]
[GameID "453872"]

1. g3 Na6 2. Bg2 e6 3. Nf3 d5 4. d4 b5 5. O-O c5 6. c3 c4 7. b3 Bd6 8. Qc2 f5 9. b4 Nf6 10. a4 bxa4
11. Rxa4 Nd7 12. Ng5 g6 13. Nxe6 Qf6 14. Bxd5 Rb8 15. Bg5 Qxg5 16. Nxg5 Nf6 17. Be6 Nc7 18. Bxc8 Rxc8 19. Rxa7 h6 20. Qa4+ Ke7
21. Nf3 Rhd8 22. Nbd2 Rd7 23. Nxc4 Ne6 24. Nb6 Rxa7 25. Qxa7+ Rc7 26. Ra1 Rxa7 27. Rxa7+ Bc7 28. d5 Ne8 29. dxe6 Kxe6 30. Nd4+ Kd6
31. Nb5+ Kc6 32. Nxc7 Nxc7 33. Rxc7+ Kxc7 34. Nc4 Kc6 35. Ne5+ Kd6 36. Nxg6 Kd5 37. f4 Kc4 38. Ne7 Kxc3 39. b5
1-0

[Event "Brexit Celebration"]
[Site "SchemingMind.com"]
[Date "2020.04.17"]
[Round "-"]
[White "krzysztof"]
[Black "Steven DuCharme"]
[Result "0-1"]
[WhiteCountry "POL"]
[BlackCountry "USA"]
[WhiteElo "1450"]
[WhiteRD "66"]
[BlackElo "1569"]
[BlackRD "54"]
[GameID "453873"]

1. e4 b6 2. d4 Bb7 3. e5 e6 4. Bd3 Ne7 5. Nc3 Bxg2 6. Be4 Bxh1 7. Bxa8 Bxa8 8. Bg5 h6 9. Bh4 Qc8 10. Qh5 g6
11. Qg4 Nf5 12. Bf6 h5 13. Qh3 Bg7 14. Ne4 Bxe4 15. Bxg7 Nxg7 16. f3 Bf5 17. Qg2 Qb7 18. O-O-O Na6 19. Ne2 Qc6 20. Rd2 Nb4
21. a3 Nxc2 22. Nc3 Nxa3 23. f4 Qxg2 24. Rd1 Qc2#
0-1

[Event "Brexit Celebration"]
[Site "SchemingMind.com"]
[Date "2020.04.18"]
[Round "-"]
[White "The Stonewall"]
[Black "krzysztof"]
[Result "1-0"]
[WhiteCountry "ENG"]
[BlackCountry "POL"]
[WhiteElo "2430"]
[WhiteRD "90"]
[BlackElo "1450"]
[BlackRD "66"]
[GameID "453874"]

1. c4 c5 2. Nf3 Nc6 3. d4 cxd4 4. Nxd4 e5 5. Nb5 a6 6. Nd6+ Bxd6 7. Qxd6 Qe7 8. Qd1 d6 9. Nc3 Be6 10. e4 f5
11. exf5 Bxf5 12. Be2 Rc8 13. Be3 Nf6 14. O-O Ne4 15. Nd5 Qe6 16. Bh5+ Kd7 17. Nb6+ Kc7 18. Nxc8 Kxc8 19. Be2 g5 20. f3 g4
21. fxe4 Bxe4 22. Bxg4 Kc7 23. Bxe6 h5 24. Rf7+ Kb8 25. Qxd6+ Ka8 26. Rf8+ Nb8 27. Qxb8#
1-0

[Event "Brexit Celebration"]
[Site "SchemingMind.com"]
[Date "2020.04.19"]
[Round "-"]
[White "krzysztof"]
[Black "The Stonewall"]
[Result "0-1"]
[WhiteCountry "POL"]
[BlackCountry "ENG"]
[WhiteElo "1450"]
[WhiteRD "66"]
[BlackElo "2430"]
[BlackRD "90"]
[GameID "453875"]

1. e4 Nf6 2. e5 Nd5 3. d4 d6 4. c4 Nb6 5. d5 dxe5 6. Be3 e6 7. Bxb6 axb6 8. Nc3 Bb4 9. a3 O-O 10. axb4 Rxa1
11. Qxa1 Na6 12. b5 Nb4 13. Qb1 exd5 14. cxd5 Nxd5 15. Bc4 Nxc3 16. Qc2 Nd5 17. Ne2 Be6 18. Qe4 Qd6 19. b3 Qb4+ 20. Kf1 Rd8
21. g4 Nf6 22. Qc2 Qc5 23. f3 Bxc4 24. Qxc4 Qe3 25. Kg2 Rd2 26. Re1 e4 27. Qxe4 Nxe4 28. fxe4 Rxe2+ 29. Rxe2 Qxe2+ 30. Kh3 Qf3+
0-1

[Event "Brexit Celebration"]
[Site "SchemingMind.com"]
[Date "2020.04.18"]
[Round "-"]
[White "Brian Acebo"]
[Black "krzysztof"]
[Result "1-0"]
[WhiteCountry "USA"]
[BlackCountry "POL"]
[WhiteElo "1551"]
[WhiteRD "97"]
[BlackElo "1450"]
[BlackRD "69"]
[GameID "453876"]

1. e4 e6 2. d4 d5 3. Nd2 dxe4 4. Nxe4 b6 5. Bg5 f6 6. Bh4 g5 7. Bg3 f5 8. Qh5+ Kd7 9. Nxg5 Nf6 10. Qf3 Nc6
11. Nf7 Qe7 12. Nxh8 Bg7 13. Qf4 Ke8 14. Be2 Bxh8 15. O-O-O Bb7 16. Qxc7 Qxc7 17. Bxc7 Ne4 18. Nh3 Nb4 19. a3 Nd5 20. Be5 Kd7
21. f3 Nef6 22. Bb5+ Bc6 23. Bxc6+ Kxc6 24. Nf4 Nxf4 25. Bxf4 Nd5 26. Be5 Bf6 27. Bxf6 Nxf6 28. Rd3 Nd5 29. g3 Re8 30. Re1 Kd6
31. Rd2 b5 32. b4 Kc6 33. Rde2 Nc7 34. c3 Kb6 35. Kc2 a5 36. h3 axb4 37. axb4 Kb7 38. d5 Nxd5 39. Rxe6 Rxe6 40. Rxe6 f4
41. g4 Kc7 42. Kd3 Kd7 43. Rh6 Ne7 44. Ke4 Ng6 45. Rxh7+ Ne7 46. Kxf4 Ke6 47. Rxe7+ Kxe7 48. Ke5
1-0

[Event "Brexit Celebration"]
[Site "SchemingMind.com"]
[Date "2020.04.18"]
[Round "-"]
[White "krzysztof"]
[Black "Brian Acebo"]
[Result "1-0"]
[WhiteCountry "POL"]
[BlackCountry "USA"]
[WhiteElo "1450"]
[WhiteRD "69"]
[BlackElo "1551"]
[BlackRD "97"]
[GameID "453877"]

1. e4 c5 2. Bc4 Nc6 3. d3 e6 4. Nh3 h6 5. O-O Nf6 6. c3 Be7 7. f4 d6 8. f5 exf5 9. exf5 O-O 10. g4 a6
11. g5 hxg5 12. Be3 Bxf5 13. Rxf5 g4 14. Nf2 Qd7 15. Rf4 Ne5 16. Nd2 b5 17. Bb3 Rac8 18. d4 cxd4 19. Bxd4 Nh5 20. Bxe5 Nxf4
21. Bxf4 Qf5 22. Qxg4 Qf6 23. Nfe4 Qh4 24. Qg3 Qxg3+ 25. hxg3 Rfd8 26. Bd5 Rc7 27. c4 g6 28. Ng5 Kg7 29. Rc1 f6 30. Ne6+
1-0

[Event "Brexit Celebration"]
[Site "SchemingMind.com"]
[Date "2020.04.17"]
[Round "-"]
[White "kenneth m day"]
[Black "krzysztof"]
[Result "1-0"]
[WhiteCountry "USA"]
[BlackCountry "POL"]
[WhiteElo "1743"]
[WhiteRD "52"]
[BlackElo "1497"]
[BlackRD "64"]
[GameID "453878"]

1. e4 d5 2. exd5 Qxd5 3. Nc3 Qa5 4. d4 e6 5. Nf3 Nf6 6. Bd2 Bb4 7. Bd3 O-O 8. O-O Nbd7 9. Re1 Qh5 10. a3 Bd6
11. Be2 Ng4 12. h3 Bh2+ 13. Nxh2 Nxf2 14. Bxh5 Nxd1 15. Raxd1 Nf6 16. Bf3 c6 17. Ng4 Nd5 18. Nxd5 exd5 19. Re7 b5 20. Bb4 Kh8
21. Rde1 Bf5 22. R7e5 Be6 23. Bxf8 Rxf8 24. Nf2 Rb8 25. Bg4 g6 26. Bxe6 fxe6 27. Rxe6 Rc8 28. Re8+ Rxe8 29. Rxe8+ Kg7 30. Re7+ Kh6
31. Ng4+ Kg5 32. Rxh7 Kf5 33. Rxa7
1-0

[Event "Brexit Celebration"]
[Site "SchemingMind.com"]
[Date "2020.04.17"]
[Round "-"]
[White "krzysztof"]
[Black "kenneth m day"]
[Result "0-1"]
[WhiteCountry "POL"]
[BlackCountry "USA"]
[WhiteElo "1436"]
[WhiteRD "67"]
[BlackElo "1771"]
[BlackRD "48"]
[GameID "453879"]

1. e4 e5 2. d4 exd4 3. Bc4 Qf6 4. Nf3 Nc6 5. Bg5 Qd6 6. O-O Be7 7. c3 dxc3 8. bxc3 Qxd1 9. Rxd1 h6 10. Be3 d6
11. Bd5 Nf6 12. Bd4 O-O 13. Nbd2 Nxd4 14. Nxd4 c6 15. Bb3 Bg4 16. f3 Bd7 17. g4 c5 18. Nf5 Rfe8 19. c4 Bf8 20. Ng3 Be7
21. Bc2 Nh7 22. e5 dxe5 23. Bxh7+ Kxh7 24. Nf5 Bxf5 25. gxf5 Bg5 26. Ne4 Be3+ 27. Kg2 Bd4 28. Nd6 Re7 29. Rab1 b6 30. Nb5 Rd7
31. Nxd4 exd4 32. a4 Rd6 33. Rd3 Re8 34. a5 Rf6 35. axb6 axb6 36. Rb5 Re3 37. Rxe3 dxe3 38. Kf1 Rxf5 39. Ke2 Rf4 40. Rxb6 Rxc4
41. Kxe3 Rc2 42. Rc6 Rxh2 43. Rxc5 g6 44. Rc7 Kg7 45. Ke4 h5 46. f4 h4 47. Rc3 h3 48. Rg3 Rh1 49. Kf3 h2 50. Kg2 Rg1+
51. Kxh2 Rxg3 52. Kxg3 Kh6 53. Kg4 f6 54. f5 g5 55. Kf3 Kh5 56. Kg3 g4 57. Kg2 Kg5 58. Kg3 Kxf5 59. Kg2 Kf4 60. Kg1 f5
61. Kg2 g3 62. Kg1 Kg4 63. Kg2 f4 64. Kg1 Kh3 65. Kh1 g2+ 66. Kg1 f3 67. Kf2 Kh2 68. Kxf3 g1=Q
0-1

[Event "Brexit Celebration"]
[Site "SchemingMind.com"]
[Date "2020.04.18"]
[Round "-"]
[White "krzysztof"]
[Black "ray winteringham"]
[Result "0-1"]
[WhiteCountry "POL"]
[BlackCountry "ENG"]
[WhiteElo "1497"]
[WhiteRD "64"]
[BlackElo "1499"]
[BlackRD "48"]
[GameID "453880"]

1. b3 Nc6 2. Ba3 d6 3. e4 g6 4. Bc4 Bg7 5. Nc3 e5 6. Qf3 Nf6 7. O-O-O Bg4 8. Qd3 Bxd1 9. Kxd1 O-O 10. h4 Ng4
11. Qg3 Qd7 12. f3 Nf6 13. h5 Ne7 14. h6 Bh8 15. Nh3 Nh5 16. Qh4 a6 17. g4 Nf6 18. g5 Nh5 19. f4 exf4 20. Nxf4 Nxf4
21. Qxf4 Be5 22. Qe3 b5 23. Nd5 Nxd5 24. Bxd5 Rab8 25. b4 Qg4+ 26. Kc1 Bf4 27. Qd4 Be5 28. Qe3 Qf4 29. Qxf4 Bxf4 30. Rf1 Bxg5
31. Rh1 Bf4 32. Bb2 Rbe8 33. Bg7 Re7 34. Bxf8 Kxf8 35. Rh4 g5 36. Rg4 Re5 37. Kb2 f5 38. Rg2 fxe4 39. c4 c6 40. Bxc6 bxc4
41. Kc3 d5 42. Ba4 Re6 43. Bc2 Rxh6 44. Ba4 Ke7 45. Kd4 Kd6 46. Bc2 Rh2 47. Rxh2 Bxh2 48. Ke3 g4 49. Bd1 g3 50. Bg4 g2
51. Bh3 g1=Q+
0-1

[Event "Brexit Celebration"]
[Site "SchemingMind.com"]
[Date "2020.04.18"]
[Round "-"]
[White "ray winteringham"]
[Black "krzysztof"]
[Result "1-0"]
[WhiteCountry "ENG"]
[BlackCountry "POL"]
[WhiteElo "1499"]
[WhiteRD "48"]
[BlackElo "1497"]
[BlackRD "64"]
[GameID "453881"]

1. e4 e6 2. d4 d6 3. Nf3 Nc6 4. Bb5 a6 5. Bxc6+ bxc6 6. O-O e5 7. Nc3 Be7 8. dxe5 Bg4 9. h3 Bh5 10. g4 Bg6
11. Bf4 dxe5 12. Bxe5 Bf6 13. Bxf6 Qxf6 14. Re1 Rd8 15. Qe2 h5 16. g5 Qf4 17. Qe3 Qd6 18. Rad1 Qe6 19. Nh4 Ne7 20. Rxd8+ Kxd8
21. Qa7 c5 22. Rd1+ Ke8 23. Qxc7 Nc6 24. Nxg6 fxg6 25. Qxg7 Rf8 26. Nd5 Qxh3 27. Qxg6+ Rf7 28. Qxc6+ Kf8 29. Qxc5+ Kg8 30. Nf6+ Kg7
31. Qe3 h4 32. Qxh3
1-0

[Event "Brexit Celebration"]
[Site "SchemingMind.com"]
[Date "2020.04.22"]
[Round "-"]
[White "krzysztof"]
[Black "DANDYLIONHONEYBADGER"]
[Result "1-0"]
[WhiteCountry "POL"]
[BlackCountry "USA"]
[WhiteElo "1450"]
[WhiteRD "69"]
[BlackElo "1348"]
[BlackRD "73"]
[GameID "453882"]

1. Nf3 f6 2. e4 a6 3. a3 b5 4. c3 c6 5. d4 g5 6. h3 Bh6 7. g4 Bb7 8. h4 Qc7 9. h5 c5 10. c4 Bxe4
11. Be2 Bxf3 12. Bxf3 Nc6 13. Be3 O-O-O 14. Nc3 cxd4 15. Bxd4 e5 16. Be3 Nge7 17. cxb5 axb5 18. b4 f5 19. Nxb5 Qb8 20. Nd6+ Kc7
21. b5 fxg4 22. Bg2 Rhf8 23. Rb1 Nd4 24. Bxd4 Kxd6 25. Ba1+ Ke6 26. Qb3+ d5 27. Rd1 Qb7 28. Qg3 Qxb5 29. Qxe5+
1-0

[Event "Brexit Celebration"]
[Site "SchemingMind.com"]
[Date "2020.04.22"]
[Round "-"]
[White "DANDYLIONHONEYBADGER"]
[Black "krzysztof"]
[Result "0-1"]
[WhiteCountry "USA"]
[BlackCountry "POL"]
[WhiteElo "1391"]
[WhiteRD "74"]
[BlackElo "1436"]
[BlackRD "67"]
[GameID "453883"]

1. Nc3 d6 2. e4 e5 3. Bd3 Nf6 4. f3 Nc6 5. Nb5 a6 6. Nc3 b5 7. a3 Nd4 8. Nd5 Nxd5 9. exd5 Qh4+ 10. g3 Qh5
11. g4 Qh4+ 12. Kf1 f5 13. c3 fxg4 14. Qe1 Nxf3 15. Nxf3 Qh3+ 16. Ke2 Qxf3#
0-1